| 000 | 00772nam a2200241 a 4500 | ||
|---|---|---|---|
| 001 | BRL_1030 | ||
| 005 | 20190320211014.0 | ||
| 008 | 011113s1939----mx-o######---#000-0#spa-# | ||
| 041 | _aspa | ||
| 044 | _amx | ||
| 050 | 4 |
_aNA753 _b.M4 1939 |
|
| 245 | 1 | 0 | _aEdificios coloniales, artísticos e históricos de la República Mexicana que han sido declarados monumentos |
| 260 |
_aMéxico _bINAH, Dirección de Monumentos Coloniales _c1939 |
||
| 300 |
_aviii, 259 p. _bil. _c17 cm. |
||
| 500 | _aAu1079 | ||
| 650 | 1 | 4 |
_aArquitectura _zMéxico _9596 |
| 650 | 1 | 4 |
_aArquitectura colonial _zMéxico _91940 |
| 650 | 1 | 4 |
_aArquitectura religiosa _zMéxico _924 |
| 650 | 1 | 4 |
_aMonumentos _zMéxico _94002 |
| 740 | 0 | _aMonumentos coloniales de México | |
| 902 | _aGRL | ||
| 942 |
_2lcc _cB |
||
| 999 |
_c9842 _d9842 |
||